| 000 -LEADER |
| fixed length control field |
01678cam a22003974a 4500 |
| 001 - CONTROL NUMBER |
| control field |
13502651 |
| 003 - CONTROL NUMBER IDENTIFIER |
| control field |
ASAB |
| 005 - DATE AND TIME OF LATEST TRANSACTION |
| control field |
20170620121149.0 |
| 008 - FIXED-LENGTH DATA ELEMENTS--GENERAL INFORMATION |
| fixed length control field |
040226s2005 nyua b 001 0 eng |
| 010 ## - LIBRARY OF CONGRESS CONTROL NUMBER |
| LC control number |
2004044993 |
| 020 ## - INTERNATIONAL STANDARD BOOK NUMBER |
| International Standard Book Number |
0071375503 |
| 035 ## - SYSTEM CONTROL NUMBER |
| System control number |
(DNLM)101208304 |
| 040 ## - CATALOGING SOURCE |
| Original cataloging agency |
DNLM/DLC |
| Transcribing agency |
ASAB |
| Modifying agency |
DLC |
| 042 ## - AUTHENTICATION CODE |
| Authentication code |
pcc |
| 050 10 - LIBRARY OF CONGRESS CALL NUMBER |
| Classification number |
RM301.4 |
| Item number |
.S52 2005 |
| 060 10 - NATIONAL LIBRARY OF MEDICINE CALL NUMBER |
| Classification number |
QV 38 |
| Item number |
S531a 2004 |
| 082 00 - DEWEY DECIMAL CLASSIFICATION NUMBER |
| Classification number |
615.7 |
| Edition number |
22 |
| 100 1# - MAIN ENTRY--PERSONAL NAME |
| Personal name |
Shargel, Leon, |
| Dates associated with a name |
1941- |
| 9 (RLIN) |
2889 |
| 245 10 - TITLE STATEMENT |
| Title |
Applied biopharmaceutics & pharmacokinetics / |
| Statement of responsibility, etc. |
Leon Shargel, Susanna Wu-Pong, Andrew B.C. Yu. |
| 246 3# - VARYING FORM OF TITLE |
| Title proper/short title |
Applied biopharmaceutics and pharmacokinetics |
| 250 ## - EDITION STATEMENT |
| Edition statement |
5th ed. |
| 260 ## - PUBLICATION, DISTRIBUTION, ETC. |
| Place of publication, distribution, etc. |
New York : |
| Name of publisher, distributor, etc. |
Appleton & Lange Reviews/McGraw-Hill, Medical Pub. Division, |
| Date of publication, distribution, etc. |
c2005. |
| 300 ## - PHYSICAL DESCRIPTION |
| Extent |
xx, 892 p. : |
| Other physical details |
ill. ; |
| Dimensions |
24 cm. |
| 504 ## - BIBLIOGRAPHY, ETC. NOTE |
| Bibliography, etc. note |
Includes bibliographical references and index. |
| 650 #0 - SUBJECT ADDED ENTRY--TOPICAL TERM |
| Topical term or geographic name entry element |
Biopharmaceutics. |
| 9 (RLIN) |
2890 |
| 650 #0 - SUBJECT ADDED ENTRY--TOPICAL TERM |
| Topical term or geographic name entry element |
Pharmacokinetics. |
| 9 (RLIN) |
2891 |
| 650 12 - SUBJECT ADDED ENTRY--TOPICAL TERM |
| Topical term or geographic name entry element |
Biopharmaceutics. |
| 9 (RLIN) |
2890 |
| 650 22 - SUBJECT ADDED ENTRY--TOPICAL TERM |
| Topical term or geographic name entry element |
Models, Chemical. |
| 9 (RLIN) |
2892 |
| 650 22 - SUBJECT ADDED ENTRY--TOPICAL TERM |
| Topical term or geographic name entry element |
Pharmacokinetics. |
| 9 (RLIN) |
2891 |
| 700 1# - ADDED ENTRY--PERSONAL NAME |
| Personal name |
Wu-Pong, Susanna. |
| 9 (RLIN) |
2893 |
| 700 1# - ADDED ENTRY--PERSONAL NAME |
| Personal name |
Yu, Andrew B. C., |
| Dates associated with a name |
1945- |
| 9 (RLIN) |
2894 |
| 856 42 - ELECTRONIC LOCATION AND ACCESS |
| Materials specified |
Contributor biographical information |
| Uniform Resource Identifier |
<a href="http://www.loc.gov/catdir/bios/mh051/2004044993.html">http://www.loc.gov/catdir/bios/mh051/2004044993.html</a> |
| 856 41 - ELECTRONIC LOCATION AND ACCESS |
| Materials specified |
Table of contents |
| Uniform Resource Identifier |
<a href="http://www.loc.gov/catdir/toc/mh051/2004044993.html">http://www.loc.gov/catdir/toc/mh051/2004044993.html</a> |
| 856 42 - ELECTRONIC LOCATION AND ACCESS |
| Materials specified |
Publisher description |
| Uniform Resource Identifier |
<a href="http://www.loc.gov/catdir/enhancements/fy0704/2004044993-d.html">http://www.loc.gov/catdir/enhancements/fy0704/2004044993-d.html</a> |
| 906 ## - LOCAL DATA ELEMENT F, LDF (RLIN) |
| a |
7 |
| b |
cbc |
| c |
orignew |
| d |
1 |
| e |
ocip |
| f |
20 |
| g |
y-gencatlg |
| 942 ## - ADDED ENTRY ELEMENTS (KOHA) |
| Source of classification or shelving scheme |
|
| Koha item type |
Book |